| 000 | 00361nam a22001457a 4500 | ||
|---|---|---|---|
| 999 |
_c1939 _d1939 |
||
| 008 | 200207b ||||| |||| 00| 0 eng d | ||
| 082 | 0 | 0 |
_a621.381 _bL5665 |
| 100 |
_91536 _aLenihan, J. M. A. |
||
| 245 | 1 | 0 |
_aA Text book of electronics _cby J M A Lenihan |
| 250 | _a1st | ||
| 260 |
_aLondon _bEUP _c1948 |
||
| 300 | _a211p. | ||
| 650 | 0 | _aElectronics | |
| 942 | _cBK | ||